000 00589nam a2200205Ia 4500
003 GCL
008 140319s9999 xx 000 0 ara d
020 _a0521495253
040 _aGCL /
_cGCL
082 0 4 _a928
_bSC
100 1 _aCAMBRIDGE UNIVERITY PRESS
245 1 0 _aWOMEN'S WRITING IN ENGLISH :
_bLARAN SAGE /
_cCAMBRIDGE UNIVERITY PRESS
250 _a1999
260 _aالنمسا :
_bCAMBRIBGE UNIVERSITY PRESS ،
_c1999
300 _a696 P ؛
_c24 cm.
650 0 4 _aWOMEN - LITERATURE
650 0 4 _aENGLISH LINGUISTICS
650 0 4 _aWOMEN AND LITERATURE
942 _2ddc
_cBK
999 _c6551
_d6551